| 000 | 00805nam a22002297a 4500 | ||
|---|---|---|---|
| 005 | 20170123162351.0 | ||
| 010 | _aA-770423 | ||
| 020 | _c100.00 | ||
| 035 | _aA-770423 | ||
| 037 | _bCen Lib/Ret | ||
| 040 |
_aDPL _bUR |
||
| 082 |
_a954.0841 _bغ ل ا |
||
| 100 |
_aحیدر، غلام _9136682 |
||
| 245 |
_a/ آزادی کی کہانی انگریزوں اور اخباروں کی زبانی _b غلام حیدر |
||
| 246 |
_aAzadi ki khani angrezon aur akhbaro ki zubani _bby Gulam Haidar |
||
| 260 |
_a دہلی _bکتاب والا _c1995 |
||
| 270 |
_aپہاڑی بھوجلا _b دہلی _e110066 |
||
| 300 |
_a222p. _c20cm(Hb) _bill. |
||
| 650 |
_aہندوستانی تاریخ _9410 |
||
| 650 |
_aIndian History _9136683 |
||
| 942 |
_2ddc _cUR _h954.0841 _mغ ل ا |
||
| 999 |
_c109270 _d109270 |
||